Východiská tvorby učebného materiálu na výučbu slovenčiny ako cudzieho jazyka pre začiatočnícku úroveň
Salvato in:
| Autore principale: | |
|---|---|
| Natura: | Capitolo di libro |
| Lingua: | slovacco |
| Tags: |
Nessun Tag, puoi essere il primo ad aggiungerne!!
|
MARC
| LEADER | 00000naa$a2200000$$$4500 | ||
|---|---|---|---|
| 001 | 0247541 | ||
| 005 | 20240502083700.1 | ||
| 041 | 0 | |a slo | |
| 044 | |a CZ | ||
| 245 | 1 | 0 | |a Východiská tvorby učebného materiálu na výučbu slovenčiny ako cudzieho jazyka pre začiatočnícku úroveň |c Martina Uličná |
| 100 | 1 | |a Uličná, Martina, 1971- | |